Suomen 1700-luku -visa - Statistics

Yleistilastot
  • Tätä visaa on pelattu 422 kertaa
    396 viimeisimmän päivityksen jälkeen
  • Keskiarvotulos 9 / 16
Vastaustilastot
Vuosi Vihje Vastaus % Oikein
1790 Ruotsin laivasto voittaa Venäjän suuressa meritaistelussa tällä lahdella Suomenlahti
92%
1748 Helsingin edustalle aletaan rakentamaan tätä linnoitusta Suomenlinna
87%
1779 Tämä sisämaakaupunki perustetaan Tampere
83%
1792 Tämä kuningas astuu valtaan, ollen viimeinen Suomea hallinnut Ruotsin hallitsija Kustaa IV Aadolf
81%
1775 Kallaveden rannalle perustetaan tämä kaupunki Kustaa III:n määräyksestä Kuopio
77%
1771 Suomen ensimmäinen __________ aloittaa levikkinsä Aurora-seuran julkaisemana Sanomalehti
77%
1757 Tämä menetelmä otetaan valtakunnassa käyttöön ainoana hyväksyttynä maanjakomenetelmänä, syrjäyttäen sarkajaon {Iso}jako
70%
1714 Kasakat toteuttavat laajan verilöylyn "Murhaperjantaina" tässä Pohjois-Pohjanmaan saaressa Hailuoto
60%
1713-21 Venäläiset miehittävät Suomen tämän ajanjakson aikana, johtaen suuriin verilöylyihin ja väestönsiirtoihin Isoviha
58%
1747 Tämän kuuluisan kasvitieteilijän suomalainen oppilas Pehr Kalm lähtee tutkimusmatkalleen Pohjois-Amerikkaan Carl von Linné
37%
1700 Tämä sota Euroopassa alkaa Puola-Liettuan hyökättyä Ruotsiin {Suuri} {Pohjan} sota
36%
1721 Tässä kaupungissa kirjoitetaan rauhansopimus, päättäen Ruotsin suurvalta-ajan Uusikaupunki
30%
1741 Ruotsin hyökkäys Venäjälle aloittaa tämän sodan, johtaen aluemenetyksiin ja Suomen hetkelliseen miehitykseen {Hattujen} sota
20%
1700-luku Tämä tunnettu marssi, jota nykyään käytetään muun muassa Suomen puolustusvoimien kunniamarssina, sävelletään joskus 1700-luvun aikana {Porilaisten} marssi
18%
1788 Joukko upseereita kirjoittaa liittokirjan Kustaa III:ta vastaan tässä kunnassa, mikä on tulkittu yhdeksi ensimmäisistä Suomen itsenäisyyspyrkimyksistä Anjala
16%
1788 Suomalaisarkeologi Carl Fredenheim aloittaa laajat arkeologiset kaivaukset tässä Euroopan kaupungissa paavin luvalla Rooma
14%
Ehtoja vastaavia visoja ei löytynyt
Tulosjakauma
Jokaisen tuloksen saaneiden osuus
Persentiili vastausten määrän mukaan
Tuloshistoriasi
Et ole pelannut tätä visaa sen viimeisimmän päivityksen jälkeen